Simpsons Geography Quiz Stats

 Plays Quiz not verified by Sporcle

Support Sporcle.
Go Orange.
Score 0/8 Timer 02:00
0 Plays Today
What You're Guessing The Answer Is % Correct
Simpsons CitySpringfield
96.3%
Simpsons StreetEvergreen Terrace
91.5%
Neighboring CityShelbyville
75.1%
Simpsons Adress #742
66.1%
MayorMayor Quimby
60.3%
Neighboring CityOgdenville
57.7%
Neighboring CityCapital City
32.8%
State (Yes this has been released before)North Takoma
5.3%

You're not logged in!

Compare scores with friends on all Sporcle quizzes.
OR
Log In

From the Vault

Royal Flush

by googlebird

This quiz just might turn you into a gambler.
Remove Ads.
Support Sporcle.
Get the best of Sporcle when you Go Orange. This ad-free experience offers more features, more stats, and more fun while also helping to support Sporcle. Thank you for becoming a member.

Show Comments

Extras

Top Quizzes Today


Score Distribution

Your Account Isn't Verified!

In order to create a playlist on Sporcle, you need to verify the email address you used during registration. Go to your Sporcle Settings to finish the process.

Report this User

Report this user for behavior that violates our Community Guidelines.

Details: